000 00337nam a22001217a 4500
040 _cHS
082 _a660
100 _aឆៃ សារ៉ាន់
245 _aការងារវិស្ចកម្មព្រៃឈើ Forest enginnering work
260 _aRUA
_bឆៃ សារ៉ាន់
_c2009
300 _a62p;
942 _cKB
999 _c9162
_d9162